| 000 | 00540nam a22001817a 4500 | ||
|---|---|---|---|
| 003 | NUST | ||
| 005 | 20260312103842.0 | ||
| 008 | 260312b ||||| |||| 00| 0 eng d | ||
| 020 | _a 978-3319267371 | ||
| 082 |
_a551.5 _bDIM |
||
| 100 |
_a A.P. Dimri, Amulya Chevuturi. _9133672 |
||
| 245 |
_aWestern Disturbances - An Indian Meteorological Perspective / _c A.P. Dimri, Amulya Chevuturi. |
||
| 250 | _a1st Edition | ||
| 260 |
_aSwitzerland: _bSpringer, _c2016. |
||
| 300 |
_a131 p ; _c30.00 cm |
||
| 563 | _aHardcover | ||
| 942 |
_2ddc _cBK |
||
| 999 |
_c616635 _d616635 |
||